000
00309nam a22001337a 4500
008
170330b xxu||||| |||| 00| 0 eng d
020
_a
1550091298
041
_a
eng
080
_2
3ED
_a
616-053.2
100
_a
8
101
_a
SHM
245
_a
PEDIATRIC GASTROINTESTINAL DISEASE
_c
WALKER.W.A
942
_2
udc
_c
BK
999
_c
9134
_d
9134